000 00394nam a2200157Ia 4500
005 20250424120306.0
008 250424s9999 xx 000 0 und d
022 _a00255769
050 _aQA 11 .M38/
245 0 _aMathematics teacher
260 _bCFA Institute
260 _c2009
300 _av. , ill. , portraits 23-29 cm.
650 _aMathematics teachers--periodicals
942 _cSR
999 _c38483
_d38483